| 000 | 00500pab a2200193 454500 | ||
|---|---|---|---|
| 008 | 180718b1996 xxu||||| |||| 00| 0 eng d | ||
| 100 | _aSen, Kunal | ||
| 245 | _aPolitical budget cycles in India | ||
| 260 | _c1996 | ||
| 300 | _ap.2023-027 | ||
| 362 | _a27 Jul | ||
| 650 | _aState budget - India | ||
| 650 | _aPolitical parties - India | ||
| 650 | _aElections - India | ||
| 650 | _aState budget | ||
| 700 | _aVaidya, Rajendra R. | ||
| 773 | _aEconomic and Political Weekly | ||
| 909 | _a32029 | ||
| 999 |
_c32029 _d32029 |
||